[Event "3. Open sub-2200 Rutas de Cuenca 2016"]
[Site "Cuenca ESP"]
[Date "2016.06.18"]
[Round "5.2"]
[White "Fernandez Cano, Victor"]
[Black "Martorell Aubanell, Adria"]
[Result "1-0"]
[WhiteElo "2156"]
[BlackElo "2160"]
[PlyCount "61"]
[EventDate "2016.06.17"]
[EventType "swiss"]
[EventRounds "7"]
[EventCountry "ESP"]
[SourceTitle "Ajedrez en Madrid"]
[Source "lmi"]
[SourceDate "2016.06.17"]

1. Nf3 Nf6 2. g3 g6 3. Bg2 Bg7 4. d4 O-O 5. c4 d6 6. Nc3 Nbd7 7. e4 e5 8. O-O
c6 9. b3 Re8 10. Re1 Qc7 11. Ba3 Bf8 12. Rc1 Be7 13. Qd2 Nf8 14. Na4 Bg4 15. h3
Bxf3 16. Bxf3 Ne6 17. dxe5 dxe5 18. Bb2 Rad8 19. Qe3 Nd4 20. Bg2 b6 21. f4 exf4
22. gxf4 Ne6 23. Be5 Qc8 24. Kh1 Nc5 25. Nb2 Nh5 26. Bc3 Bh4 27. f5 Ng3+ 28.
Kh2 Ngxe4 29. Qh6 Bg3+ 30. Kh1 Nxc3 31. f6 1-0

[Event "3. Open sub-2200 Rutas de Cuenca 2016"]
[Site "Cuenca ESP"]
[Date "2016.06.18"]
[Round "5.3"]
[White "Alvarez Serrano, Carlos"]
[Black "Lozano Suarez, Luis Miguel"]
[Result "0-1"]
[WhiteElo "2097"]
[BlackElo "2116"]
[PlyCount "114"]
[EventDate "2016.06.17"]
[EventType "swiss"]
[EventRounds "7"]
[EventCountry "ESP"]
[SourceTitle "Ajedrez en Madrid"]
[Source "lmi"]
[SourceDate "2016.06.17"]

1. d4 Nf6 2. Nf3 c5 3. c4 e6 4. Nc3 a6 5. e4 cxd4 6. Nxd4 d6 7. Be3 Be7 8. Be2
O-O 9. O-O b6 10. Qd2 Bb7 11. f3 Nbd7 12. Rfd1 Rc8 13. Rac1 Qc7 14. Kh1 Rfd8
15. Qe1 Qb8 16. Qg3 Rc5 17. Nb3 Rcc8 18. Nd4 Rc5 19. Nb3 Rcc8 20. Nd4 Rc5 21.
Nb3 Rcc8 22. Qh3 Ba8 23. Nd4 Nf8 24. Qg3 Ng6 25. Qf2 Nd7 26. f4 Bh4 27. g3 Bf6
28. b3 Ne7 29. Bf3 g6 30. g4 Nc6 31. Bg2 Qb7 32. Rd2 Bg7 33. Rcd1 b5 34. cxb5
axb5 35. Ndxb5 Nf6 36. h3 d5 37. e5 Ne8 38. Bb6 Rd7 39. a4 Bf8 40. Nxd5 exd5
41. Rxd5 Rxd5 42. Bxd5 Rb8 43. a5 Qa6 44. Nc3 Nxa5 45. Bd4 Nxb3 46. Kh2 Nxd4
47. Qxd4 Rb2+ 48. Kg3 h5 49. Bc4 Rg2+ 50. Kh4 Be7+ 51. g5 Ng7 52. Bd3 Qe6 53.
Rg1 Nf5+ 54. Bxf5 Qxf5 55. Rxg2 Bxg2 56. Qe3 Bc5 57. Qg3 Bf2 0-1

[Event "3. Open sub-2200 Rutas de Cuenca 2016"]
[Site "Cuenca ESP"]
[Date "2016.06.18"]
[Round "5.4"]
[White "Suarez Triguero, Jose Alfonso"]
[Black "Vazquez Gonzalez, Jesus"]
[Result "1-0"]
[WhiteElo "2094"]
[BlackElo "1901"]
[PlyCount "101"]
[EventDate "2016.06.17"]
[EventType "swiss"]
[EventRounds "7"]
[EventCountry "ESP"]
[SourceTitle "Ajedrez en Madrid"]
[Source "lmi"]
[SourceDate "2016.06.17"]

1. e4 g6 2. d4 Bg7 3. Nf3 c5 4. c4 d6 5. dxc5 Qa5+ 6. Nc3 Bxc3+ 7. bxc3 dxc5 8.
Be2 Nc6 9. O-O Bg4 10. Be3 Nf6 11. Qc2 O-O 12. Rab1 b6 13. h3 Bxf3 14. gxf3 e5
15. f4 exf4 16. Bxf4 Rfe8 17. f3 Qa6 18. Bh2 Qc8 19. Kg2 Qe6 20. Rbd1 Ne5 21.
Rd5 Nxd5 22. cxd5 Qe7 23. f4 Nd7 24. e5 Rad8 25. Bc4 Qh4 26. Bg3 Qh6 27. h4 a6
28. Bxa6 Nxe5 29. fxe5 Rxd5 30. Rf2 Red8 31. Bc4 Rd2 32. Bxf7+ Kg7 33. Qb3
Rxf2+ 34. Bxf2 Qf4 35. Bd5 Qg4+ 36. Kh2 Qf4+ 37. Bg3 Qg4 38. Qc4 Qd1 39. Bg2
Rd2 40. Qe4 Re2 41. Qf3 Qd2 42. Qf6+ Kg8 43. Qc6 Qe3 44. Kh3 Rd2 45. Bd5+ Kg7
46. Qf6+ Kh6 47. Qf8+ Kh5 48. Bf3+ Qxf3 49. Qxf3+ Kh6 50. Bf4+ Kg7 51. Bxd2 1-0

[Event "3. Open sub-2200 Rutas de Cuenca 2016"]
[Site "Cuenca ESP"]
[Date "2016.06.18"]
[Round "5.5"]
[White "Lara Granero, Bio"]
[Black "Ruiz Bellon, Manuel"]
[Result "1-0"]
[WhiteElo "2094"]
[BlackElo "1968"]
[PlyCount "109"]
[EventDate "2016.06.17"]
[EventType "swiss"]
[EventRounds "7"]
[EventCountry "ESP"]
[SourceTitle "Ajedrez en Madrid"]
[Source "lmi"]
[SourceDate "2016.06.17"]

1. e4 e6 2. Qe2 c5 3. Nf3 Nc6 4. c3 Qc7 5. Na3 a6 6. Nc2 Be7 7. d4 d6 8. g3 Nf6
9. Bg2 O-O 10. O-O b5 11. a4 Bb7 12. Nd2 Qb6 13. d5 exd5 14. exd5 Ne5 15. c4
bxc4 16. Nxc4 Nxc4 17. Qxc4 Nd7 18. a5 Qb5 19. Qe4 Bf6 20. Ne3 Rfe8 21. Qc2 Ne5
22. Rd1 Rac8 23. f4 Ng6 24. Bf1 Qd7 25. Qf5 Qe7 26. Ra3 Bd4 27. Kg2 Rb8 28. Qc2
Bc8 29. Nf5 Bxf5 30. Qxf5 Bxb2 31. Re3 Qd8 32. Rxe8+ Qxe8 33. Bd2 Bd4 34. Re1
Qc8 35. Qxc8+ Rxc8 36. Bxa6 Rb8 37. Bd3 Kf8 38. a6 Ne7 39. a7 Ra8 40. Rb1 Rxa7
41. Rb8+ Nc8 42. Rxc8+ Ke7 43. Bc4 Ra4 44. Bb3 Ra3 45. Rb8 Ra1 46. Bc4 Ra4 47.
Bb3 Ra1 48. Kh3 Rb1 49. Rb5 Rb2 50. Ba5 h5 51. Bc4 Rc2 52. Rb7+ Kf8 53. Rb8+
Ke7 54. Bd8+ Kd7 55. Bb5# 1-0

[Event "3. Open sub-2200 Rutas de Cuenca 2016"]
[Site "Cuenca ESP"]
[Date "2016.06.18"]
[Round "5.6"]
[White "Domingo Moratalla, Julio"]
[Black "Ruiz Ledo, Antonio"]
[Result "0-1"]
[WhiteElo "1704"]
[BlackElo "2073"]
[PlyCount "68"]
[EventDate "2016.06.17"]
[EventType "swiss"]
[EventRounds "7"]
[EventCountry "ESP"]
[SourceTitle "Ajedrez en Madrid"]
[Source "lmi"]
[SourceDate "2016.06.17"]

1. c4 e5 2. Nc3 c5 3. g3 g6 4. Bg2 Bg7 5. d3 Nc6 6. Nf3 Nge7 7. Rb1 O-O 8. Bg5
h6 9. Bd2 d6 10. a3 a5 11. Qc1 Kh7 12. h4 Nd4 13. Nxd4 cxd4 14. Nd5 Nxd5 15.
Bxd5 Qe7 16. h5 g5 17. b4 a4 18. c5 Rd8 19. c6 bxc6 20. Bxc6 Bb7 21. b5 Rdc8
22. O-O Qe6 23. Rb2 Bxc6 24. bxc6 d5 25. Rc2 Rc7 26. Qb1 Ra6 27. Rfc1 Rcxc6 28.
Qb5 Rxc2 29. Rxc2 e4 30. Rc5 e3 31. fxe3 dxe3 32. Be1 Rb6 33. Qxa4 Rb1 34. Qa5
Qh3 0-1

[Event "3. Open sub-2200 Rutas de Cuenca 2016"]
[Site "Cuenca ESP"]
[Date "2016.06.18"]
[Round "5.7"]
[White "Perez Pascual, Arturo"]
[Black "Sanchez Carrasco, Fco. Javier"]
[Result "0-1"]
[WhiteElo "1885"]
[BlackElo "2028"]
[PlyCount "59"]
[EventDate "2016.06.17"]
[EventType "swiss"]
[EventRounds "7"]
[EventCountry "ESP"]
[SourceTitle "Ajedrez en Madrid"]
[Source "lmi"]
[SourceDate "2016.06.17"]

1. e4 c5 2. Nf3 e6 3. d4 cxd4 4. Nxd4 Nf6 5. Nc3 Nc6 6. Ndb5 d6 7. Bf4 e5 8.
Bg5 a6 9. Na3 b5 10. Nd5 Be7 11. Nxe7 Nxe7 12. c4 Nxe4 13. Bxe7 Qa5+ 14. Ke2
Kxe7 15. Qd5 Qxa3 16. bxa3 Nc3+ 17. Ke3 Nxd5+ 18. cxd5 Bb7 19. Rd1 Rhc8 20. g4
Rc3+ 21. Ke4 Rxa3 22. Bg2 Rc8 23. Rc1 Rcc3 24. Rxc3 Rxc3 25. Rd1 Rc2 26. Ke3
Rxa2 27. Rc1 Ra3+ 28. Ke2 Kd7 29. g5 b4 30. f3 0-1

[Event "3. Open sub-2200 Rutas de Cuenca 2016"]
[Site "Cuenca ESP"]
[Date "2016.06.18"]
[Round "5.8"]
[White "Castro Santimoteo, Raul"]
[Black "Jordan Martinez, David"]
[Result "1-0"]
[WhiteElo "1981"]
[BlackElo "2195"]
[PlyCount "47"]
[EventDate "2016.06.17"]
[EventType "swiss"]
[EventRounds "7"]
[EventCountry "ESP"]
[SourceTitle "Ajedrez en Madrid"]
[Source "lmi"]
[SourceDate "2016.06.17"]

1. d4 Nf6 2. c4 e6 3. Nc3 Bb4 4. Bg5 h6 5. Bh4 c5 6. d5 d6 7. e3 Bxc3+ 8. bxc3
e5 9. Bd3 e4 10. Bc2 g5 11. Bg3 Qe7 12. h4 Rg8 13. hxg5 hxg5 14. Ne2 Bf5 15.
Ba4+ Kd8 16. Qb3 Kc7 17. O-O-O Bg6 18. Qa3 b6 19. Bc6 Nbd7 20. Qa6 Rab8 21.
Qxa7+ Kc8 22. Kd2 Ne8 23. Rb1 Nc7 24. a4 1-0

[Event "3. Open sub-2200 Rutas de Cuenca 2016"]
[Site "Cuenca ESP"]
[Date "2016.06.18"]
[Round "5.9"]
[White "Villar Reymundo, Juan Antonio"]
[Black "Corrochano Utrilla, David"]
[Result "1-0"]
[WhiteElo "2175"]
[BlackElo "1740"]
[PlyCount "57"]
[EventDate "2016.06.17"]
[EventType "swiss"]
[EventRounds "7"]
[EventCountry "ESP"]
[SourceTitle "Ajedrez en Madrid"]
[Source "lmi"]
[SourceDate "2016.06.17"]

1. d4 Nf6 2. c4 e6 3. Nf3 b6 4. a3 Bb7 5. Nc3 Be7 6. Qc2 d5 7. Bg5 Nbd7 8. e3
h6 9. Bh4 O-O 10. cxd5 exd5 11. Bd3 c5 12. O-O Rc8 13. dxc5 Nxc5 14. Bf5 Ne6
15. Rfd1 Qc7 16. Qb3 Nc5 17. Qa2 Rcd8 18. Nb5 Qc6 19. Nfd4 Qe8 20. Nc7 Qa4 21.
b3 Qa5 22. b4 Qa4 23. bxc5 bxc5 24. Qb3 Qa5 25. Qxb7 Rb8 26. Nc6 Rxb7 27. Nxa5
Rxc7 28. Bg3 g6 29. Bxc7 1-0

[Event "3. Open sub-2200 Rutas de Cuenca 2016"]
[Site "Cuenca ESP"]
[Date "2016.06.18"]
[Round "5.10"]
[White "Blesa Fernandez, Francisco"]
[Black "Aymerich Rosell, Pablo"]
[Result "1/2-1/2"]
[WhiteElo "1991"]
[BlackElo "2173"]
[PlyCount "107"]
[EventDate "2016.06.17"]
[EventType "swiss"]
[EventRounds "7"]
[EventCountry "ESP"]
[SourceTitle "Ajedrez en Madrid"]
[Source "lmi"]
[SourceDate "2016.06.17"]

1. d4 f5 2. g3 Nf6 3. Bg2 g6 4. Nf3 Bg7 5. O-O O-O 6. Nc3 d6 7. Qd3 Nc6 8. e4
Kh8 9. d5 fxe4 10. Nxe4 Nb4 11. Qc4 Nbxd5 12. Nxf6 Nxf6 13. Ng5 d5 14. Qe2 c6
15. Bf4 h6 16. Ne6 Bxe6 17. Qxe6 Qd7 18. Rfe1 Rae8 19. Bh3 Qxe6 20. Rxe6 g5 21.
Be5 Ng8 22. Re1 Bxe5 23. R6xe5 Kg7 24. Bd7 Rd8 25. Be6 Nf6 26. Bf5 Rde8 27.
Rxe7+ Rxe7 28. Rxe7+ Rf7 29. Rxf7+ Kxf7 30. c3 c5 31. Kf1 Ne8 32. Ke2 Kf6 33.
Bd3 Ke5 34. Ke3 d4+ 35. cxd4+ cxd4+ 36. Kd2 Nf6 37. f3 b6 38. Bg6 Nd5 39. a3
Ne3 40. Bd3 a5 41. Bb5 h5 42. Be2 h4 43. Bd3 hxg3 44. hxg3 Nd5 45. Be4 Nc7 46.
Kd3 Ne6 47. b4 axb4 48. axb4 b5 49. Bc6 Nc7 50. Bb7 Ne6 51. Bc6 Nc7 52. f4+
gxf4 53. gxf4+ Kxf4 54. Kxd4 1/2-1/2

[Event "3. Open sub-2200 Rutas de Cuenca 2016"]
[Site "Cuenca ESP"]
[Date "2016.06.19"]
[Round "6.1"]
[White "Insa Alfonso, Pablo"]
[Black "Fernandez Cano, Victor"]
[Result "0-1"]
[WhiteElo "2116"]
[BlackElo "2156"]
[PlyCount "98"]
[EventDate "2016.06.17"]
[EventType "swiss"]
[EventRounds "7"]
[EventCountry "ESP"]
[SourceTitle "Ajedrez en Madrid"]
[Source "lmi"]
[SourceDate "2016.06.17"]

1. e4 c5 2. Nf3 d6 3. d4 cxd4 4. Nxd4 Nf6 5. Nc3 a6 6. Be3 e6 7. f3 Be7 8. Qd2
Qc7 9. g4 h6 10. h4 b5 11. O-O-O Bb7 12. Bh3 Nfd7 13. g5 b4 14. Nce2 Qa5 15. g6
Nc5 16. gxf7+ Kxf7 17. Kb1 Nbd7 18. Nc1 Rab8 19. Ncb3 Qc7 20. h5 Bf6 21. Qg2
Rbe8 22. Nxc5 Nxc5 23. Qg6+ Ke7 24. Bf4 Rd8 25. Rd2 Bc8 26. Bg3 Bd7 27. Bxd6+
Qxd6 28. Nf5+ exf5 29. Rxd6 Kxd6 30. Bxf5 Rhe8 31. Bxd7 Kxd7 32. Qf7+ Kc6 33.
Qc4 Rd4 34. Qe2 Red8 35. Re1 Rd2 36. Qf1 R8d4 37. Qg1 Bg5 38. e5 Ne6 39. Qf1
Kb6 40. b3 Bh4 41. Rc1 Nf4 42. e6 Ne2 43. e7 Bxe7 44. Qh3 Nc3+ 45. Kb2 Bf6 46.
Qe6+ Rd6 47. Qe3+ Kb7 48. Qe8 Nb5+ 49. Kb1 Na3# 0-1

[Event "3. Open sub-2200 Rutas de Cuenca 2016"]
[Site "Cuenca ESP"]
[Date "2016.06.19"]
[Round "6.2"]
[White "Lozano Suarez, Luis Miguel"]
[Black "Lara Granero, Bio"]
[Result "1-0"]
[WhiteElo "2116"]
[BlackElo "2094"]
[PlyCount "125"]
[EventDate "2016.06.17"]
[EventType "swiss"]
[EventRounds "7"]
[EventCountry "ESP"]
[SourceTitle "Ajedrez en Madrid"]
[Source "lmi"]
[SourceDate "2016.06.17"]

1. c4 e5 2. g3 Nf6 3. Bg2 Bc5 4. Nc3 O-O 5. e3 Nc6 6. a3 a5 7. Nge2 d6 8. O-O
Bg4 9. h3 Bf5 10. d4 Ba7 11. g4 Bg6 12. d5 Ne7 13. Ng3 Nd7 14. Kh1 f5 15. f4
Kh8 16. g5 Nc5 17. b4 Ne4 18. Ncxe4 fxe4 19. Qg4 Nf5 20. Nxf5 Bxf5 21. Qg3 exf4
22. Rxf4 Bg6 23. Bb2 Qe7 24. Raf1 axb4 25. axb4 Rxf4 26. Rxf4 Bb6 27. h4 Ra2
28. Rf2 Kg8 29. Bh3 Ra8 30. Be6+ Kh8 31. Qf4 Bh5 32. Qxe4 Rf8 33. Rf4 Rxf4 34.
Qxf4 c5 35. b5 Ba5 36. e4 Bd8 37. Kg2 Ba5 38. Bc8 Bg6 39. Bf5 Bxf5 40. Qxf5 Bd8
41. e5 dxe5 42. Bxe5 Kg8 43. Kf3 g6 44. Qf4 Qd7 45. Qg4 Qf7+ 46. Qf4 Qd7 47.
Kg3 Be7 48. d6 Bd8 49. Bf6 Bxf6 50. Qxf6 Qe8 51. Kf4 Qe2 52. Qd8+ Kf7 53. Qd7+
Kg8 54. Qc8+ Kf7 55. Qxb7+ Kg8 56. Qc8+ Kf7 57. Qd7+ Kg8 58. Qd8+ Kf7 59. Qe7+
Qxe7 60. dxe7 Kxe7 61. Ke5 Kd7 62. Kd5 Kc7 63. Kxc5 1-0

[Event "3. Open sub-2200 Rutas de Cuenca 2016"]
[Site "Cuenca ESP"]
[Date "2016.06.19"]
[Round "6.3"]
[White "Ruiz Ledo, Antonio"]
[Black "Moreto Quintana, Alex"]
[Result "1-0"]
[WhiteElo "2073"]
[BlackElo "2109"]
[PlyCount "89"]
[EventDate "2016.06.17"]
[EventType "swiss"]
[EventRounds "7"]
[EventCountry "ESP"]
[SourceTitle "Ajedrez en Madrid"]
[Source "lmi"]
[SourceDate "2016.06.17"]

1. b3 e5 2. Bb2 Nc6 3. e3 d5 4. Bb5 Bd6 5. Nf3 f6 6. c4 a6 7. cxd5 axb5 8. dxc6
bxc6 9. Nc3 Bg4 10. Qc2 Ne7 11. Ne4 O-O 12. h3 Bh5 13. g4 Bf7 14. d3 Bd5 15.
Rg1 f5 16. gxf5 Rxf5 17. Rg3 Qf8 18. Nh2 Rh5 19. Ng4 Ng6 20. Nxd6 Qxd6 21. a3
Qe6 22. b4 Rg5 23. e4 Bb3 24. Qc3 Re8 25. d4 exd4 26. Qxb3 Qxb3 27. Rxb3 Rxe4+
28. Kf1 h5 29. Nh2 Rge5 30. Rd1 Nf4 31. Nf3 Rd5 32. Rxd4 Rexd4 33. Nxd4 c5 34.
bxc5 Rxc5 35. Rc3 Rd5 36. Rxc7 Nxh3 37. Ne6 Kh7 38. Rxg7+ Kh6 39. Bc1+ Ng5 40.
Bxg5+ Rxg5 41. Rxg5 h4 42. Rxb5 h3 43. Nf4 h2 44. Kg2 h1=Q+ 45. Kxh1 1-0

[Event "3. Open sub-2200 Rutas de Cuenca 2016"]
[Site "Cuenca ESP"]
[Date "2016.06.19"]
[Round "6.4"]
[White "Sanchez Carrasco, Fco. Javier"]
[Black "Suarez Triguero, Jose Alfonso"]
[Result "1/2-1/2"]
[WhiteElo "2028"]
[BlackElo "2094"]
[PlyCount "47"]
[EventDate "2016.06.17"]
[EventType "swiss"]
[EventRounds "7"]
[EventCountry "ESP"]
[SourceTitle "Ajedrez en Madrid"]
[Source "lmi"]
[SourceDate "2016.06.17"]

1. g3 c5 2. Bg2 Nc6 3. d3 g6 4. Nf3 Bg7 5. O-O Nf6 6. e4 O-O 7. c3 d6 8. Re1
Re8 9. h3 Rb8 10. d4 cxd4 11. cxd4 e5 12. d5 Ne7 13. Nc3 Bd7 14. Be3 a6 15. a4
Rf8 16. a5 Nc8 17. Nd2 Ne8 18. g4 Nc7 19. Nc4 Bb5 20. Nb6 Qe8 21. Rc1 Na8 22.
Nxc8 Rxc8 23. Qb3 Nc7 24. Qb4 1/2-1/2

[Event "3. Open sub-2200 Rutas de Cuenca 2016"]
[Site "Cuenca ESP"]
[Date "2016.06.19"]
[Round "6.5"]
[White "Martorell Aubanell, Adria"]
[Black "Villar Reymundo, Juan Antonio"]
[Result "1-0"]
[WhiteElo "2160"]
[BlackElo "2175"]
[PlyCount "157"]
[EventDate "2016.06.17"]
[EventType "swiss"]
[EventRounds "7"]
[EventCountry "ESP"]
[SourceTitle "Ajedrez en Madrid"]
[Source "lmi"]
[SourceDate "2016.06.17"]

1. d4 Nf6 2. Nf3 c5 3. e3 g6 4. Bd3 Bg7 5. O-O O-O 6. c3 d6 7. Nbd2 b6 8. Qe2
Bb7 9. e4 cxd4 10. Nxd4 Nbd7 11. N4b3 Qc7 12. f4 e5 13. f5 d5 14. Kh1 Rae8 15.
a4 a5 16. c4 dxe4 17. Nxe4 Nxe4 18. Bxe4 Bxe4 19. Qxe4 Nf6 20. Qh4 gxf5 21.
Rxf5 Qd7 22. Rf1 Qg4 23. Qxg4 Nxg4 24. h3 Nf6 25. c5 bxc5 26. Nxa5 Nd5 27. Nc4
Re6 28. Ne3 Nb4 29. Bd2 Rb8 30. Bc3 Nc6 31. Nf5 Nd4 32. Rf2 Ra8 33. a5 Bf8 34.
g4 Raa6 35. Kg2 f6 36. Ne3 Be7 37. Nd5 Bd8 38. b4 Red6 39. Ne3 cxb4 40. Bxb4
Rdc6 41. g5 Ne6 42. gxf6 Nf4+ 43. Kh2 Rxf6 44. Rd2 Bc7 45. Rd7 Bd6 46. Bxd6
Rfxd6 47. Rxd6 Rxd6 48. a6 Rd8 49. a7 Ra8 50. Nc4 Nd5 51. Ra5 Nc7 52. Nxe5 Kg7
53. Nd7 Nb5 54. Rxb5 Rxa7 55. Ne5 Ra3 56. Rd5 Kf6 57. Ng4+ Kg6 58. Rd6+ Kg5 59.
Nf2 Ra2 60. Kg3 Ra3+ 61. Rd3 Ra2 62. Rd5+ Kg6 63. Ne4 Ra3+ 64. Kg4 Ra4 65. Rd6+
Kg7 66. Kf4 Ra8 67. Ng3 Ra4+ 68. Kg5 h6+ 69. Kh5 Ra5+ 70. Kg4 Ra4+ 71. Kf3 Ra3+
72. Kf4 Ra4+ 73. Ne4 Ra1 74. h4 Rf1+ 75. Kg4 Rg1+ 76. Kh5 Re1 77. Rd7+ Kf8 78.
Ng3 Re6 79. Nf5 1-0

[Event "3. Open sub-2200 Rutas de Cuenca 2016"]
[Site "Cuenca ESP"]
[Date "2016.06.19"]
[Round "6.6"]
[White "Castilla Leon Salas, Carlos"]
[Black "Alvarez Serrano, Carlos"]
[Result "1/2-1/2"]
[WhiteElo "2162"]
[BlackElo "2097"]
[PlyCount "84"]
[EventDate "2016.06.17"]
[EventType "swiss"]
[EventRounds "7"]
[EventCountry "ESP"]
[SourceTitle "Ajedrez en Madrid"]
[Source "lmi"]
[SourceDate "2016.06.17"]

1. d4 Nf6 2. Nf3 e6 3. g3 d5 4. Bg2 Be7 5. O-O O-O 6. c4 dxc4 7. Ne5 Nc6 8.
Bxc6 bxc6 9. Nxc6 Qe8 10. Nxe7+ Qxe7 11. Qa4 e5 12. dxe5 Qxe5 13. Qxc4 Be6 14.
Qd3 Rad8 15. Qe3 Qh5 16. f3 Rfe8 17. Qg5 Qh3 18. Qc5 Bc8 19. Nc3 Ba6 20. Qf2
Nd5 21. Re1 Nb4 22. Rb1 Nc2 23. Rf1 Qe6 24. Bf4 Nd4 25. Rfe1 Bxe2 26. Nxe2
Nxe2+ 27. Kh1 c5 28. Qxc5 Qxa2 29. Be3 a6 30. Kg2 Rc8 31. Qf5 Nc3 32. Rbc1
Qxb2+ 33. Rc2 Qb5 34. Qg4 f5 35. Qd4 Red8 36. Qb6 Qxb6 37. Bxb6 Nd5 38. Rb2
Nxb6 39. Rxb6 Rc2+ 40. Kh3 Rdd2 41. Kh4 h6 42. h3 Kh7 1/2-1/2

[Event "3. Open sub-2200 Rutas de Cuenca 2016"]
[Site "Cuenca ESP"]
[Date "2016.06.19"]
[Round "6.7"]
[White "Lopez De Turiso, Jose Angel"]
[Black "Barrios Munoz, Rafael Carlos"]
[Result "1-0"]
[WhiteElo "2040"]
[BlackElo "2039"]
[PlyCount "115"]
[EventDate "2016.06.17"]
[EventType "swiss"]
[EventRounds "7"]
[EventCountry "ESP"]
[SourceTitle "Ajedrez en Madrid"]
[Source "lmi"]
[SourceDate "2016.06.17"]

1. d4 d6 2. c4 Nf6 3. Nc3 e5 4. e3 Be7 5. Nf3 Nbd7 6. Be2 O-O 7. O-O c6 8. b3
Re8 9. Bb2 a6 10. Qc2 Bf8 11. dxe5 dxe5 12. Rad1 g6 13. a3 Qc7 14. Na4 e4 15.
Nd2 Bd6 16. h3 c5 17. Nc3 Qc6 18. Rfe1 Be5 19. Nf1 b6 20. Nd5 Bb7 21. Rd2 Qe6
22. Red1 Bxb2 23. Nc7 Qe5 24. Nxe8 Bc3 25. Nxf6+ Nxf6 26. Rd8+ Kg7 27. Rxa8
Bxa8 28. Rd8 Bc6 29. Qd1 Ne8 30. Qc2 f6 31. f4 exf3 32. Bxf3 Bxf3 33. gxf3 Be1
34. Qe4 Qxe4 35. fxe4 Kf7 36. Rd7+ Ke6 37. Rb7 Nd6 38. Rxb6 a5 39. Kg2 Ke5 40.
Kf3 a4 41. bxa4 Nxe4 42. Ke2 Ba5 43. Ra6 Bc7 44. Rc6 Ba5 45. Nh2 h5 46. Nf3+
Kf5 47. Nh4+ Kg5 48. Ng2 Bd8 49. Nf4 Kh4 50. Nxg6+ Kxh3 51. Nf4+ Kg4 52. Rc8
Ba5 53. Ra8 Bc7 54. Rg8+ Ng5 55. Nd5 Be5 56. a5 h4 57. a6 h3 58. a7 1-0

[Event "3. Open sub-2200 Rutas de Cuenca 2016"]
[Site "Cuenca ESP"]
[Date "2016.06.19"]
[Round "6.8"]
[White "Valdepenas Octavio, Javier"]
[Black "Castro Santimoteo, Raul"]
[Result "1-0"]
[WhiteElo "2028"]
[BlackElo "1981"]
[PlyCount "64"]
[EventDate "2016.06.17"]
[EventType "swiss"]
[EventRounds "7"]
[EventCountry "ESP"]
[SourceTitle "Ajedrez en Madrid"]
[Source "lmi"]
[SourceDate "2016.06.17"]

1. e4 c6 2. d4 d5 3. Nc3 dxe4 4. Nxe4 Nd7 5. Ng5 Ngf6 6. Bd3 e6 7. N5f3 Bd6 8.
Ne2 Qc7 9. O-O b6 10. Ng3 O-O 11. Re1 Bb7 12. c3 c5 13. Ne4 Nxe4 14. Bxe4 Nf6
15. Bxb7 Qxb7 16. Bg5 cxd4 17. Qxd4 Be7 18. Qa4 h6 19. Bh4 b5 20. Qb3 Rac8 21.
a4 a6 22. axb5 axb5 23. Ra5 Rc5 24. Rea1 g5 25. Bg3 Qe4 26. Rxb5 g4 27. Re1 Qd3
28. Rxc5 Bxc5 29. Ne5 Qd2 30. Qd1 Rd8 31. Qxd2 Rxd2 32. b4 Bd6 1-0

[Event "3. Open sub-2200 Rutas de Cuenca 2016"]
[Site "Cuenca ESP"]
[Date "2016.06.19"]
[Round "6.9"]
[White "Aymerich Rosell, Pablo"]
[Black "Morello Ostos, Domingo"]
[Result "1-0"]
[WhiteElo "2173"]
[BlackElo "1959"]
[PlyCount "55"]
[EventDate "2016.06.17"]
[EventType "swiss"]
[EventRounds "7"]
[EventCountry "ESP"]
[SourceTitle "Ajedrez en Madrid"]
[Source "lmi"]
[SourceDate "2016.06.17"]

1. d4 Nf6 2. c4 e6 3. Nc3 c5 4. d5 exd5 5. cxd5 d6 6. Nf3 g6 7. Bf4 Bg7 8. Qa4+
Bd7 9. Qb3 Qc7 10. e4 Nh5 11. Be3 O-O 12. Be2 Re8 13. Nd2 Nf6 14. O-O Na6 15.
h3 Rab8 16. Bf4 b5 17. f3 c4 18. Qd1 Qc5+ 19. Kh1 Nh5 20. Bh2 b4 21. Na4 Qa5
22. Nxc4 Qxa4 23. Qxa4 Bxa4 24. g4 Nf6 25. Nxd6 Nxd5 26. Nxe8 Ne3 27. Bxb8 Nxb8
28. Nxg7 1-0

[Event "3. Open sub-2200 Rutas de Cuenca 2016"]
[Site "Cuenca ESP"]
[Date "2016.06.19"]
[Round "6.10"]
[White "Picazo Picazo, Pedro Jesus"]
[Black "Blesa Fernandez, Francisco"]
[Result "0-1"]
[WhiteElo "1957"]
[BlackElo "1991"]
[PlyCount "52"]
[EventDate "2016.06.17"]
[EventType "swiss"]
[EventRounds "7"]
[EventCountry "ESP"]
[SourceTitle "Ajedrez en Madrid"]
[Source "lmi"]
[SourceDate "2016.06.17"]

1. e4 c5 2. Nc3 Nc6 3. Bb5 Nd4 4. Bd3 g6 5. Nce2 Bg7 6. Nxd4 cxd4 7. f4 d6 8.
Nf3 e5 9. O-O Ne7 10. fxe5 dxe5 11. Ng5 f6 12. Bb5+ Nc6 13. Qf3 O-O 14. Bc4+
Kh8 15. Nf7+ Rxf7 16. Bxf7 d3 17. c3 f5 18. b3 fxe4 19. Qxe4 Bf5 20. Qd5 Qe7
21. a4 Rf8 22. Rxf5 gxf5 23. Bh5 Qh4 24. Qf3 e4 25. Qd1 Be5 26. g3 Bxg3 0-1